Statistics for Liverpool scorers in Premier League 2017-2018

Click here to take the quiz!

General Stats

  • This quiz has been taken 212 times
  • The average score is 9 of 13

Answer Stats

PlayerGoals% Correct
Mohamed Salah24
99%
Sadio Mané8
99%
Roberto Firmino13
98%
Jordan Henderson1
93%
Philippe Coutinho7
81%
Trent Alexander-Arnold1
71%
Dejan Lovren1
70%
Joel Matip1
69%
Georginio Wijnaldum1
66%
Alex Oxlade-Chamberlain3
55%
Daniel Sturridge2
54%
Emre Can3
48%
Ragnar Klavan1
28%

Score Distribution

Percentile by Number Answered

Percent of People with Each Score

Your Score History

You have not taken this quiz